| 000 | 01141nam a2200241 u 4500 | ||
|---|---|---|---|
| 001 | 000499211 | ||
| 003 | AM-YeHGA | ||
| 005 | 20250617134602.0 | ||
| 008 | 060908s1989 ||| r 000 0 rus d | ||
| 040 | _aAM-YeHGA | ||
| 041 | 0 | _arus | |
| 100 | 1 | _aСкрябин, Павел Николаевич | |
| 245 | 1 | 0 |
_aТепловой режим грунтов Енисейского Севера / _cП.Н. Скрябин, Б.П. Сергеев; Отв. ред.: А.В. Павлов; АН СССР, Сиб. отд-ние, Ин-т мерзлотоведения. |
| 260 |
_aЯкутск : _bИн-т мерзлотоведения, _c1989. |
||
| 300 |
_a175 с. : _bил. |
||
| 504 | _aБиблиогр.: с. 164-174 | ||
| 653 | 0 | _aГрунты мерзлые - Температурный режим - Енисейский кряж | |
| 700 | 1 | _aСергеев, Борис Поликарпович | |
| 700 | 1 |
_aПавлов, А.В. _eред. _4edt |
|
| 710 | 2 |
_aАкадемия наук СССР _bСибирское отделение |
|
| 710 | 2 | _aИнститут мерзлотоведения СО АН СССР | |
| 090 | _c186018 | ||
| 999 |
_c184563 _d184563 |
||